Countries with Area similar to Combined Neighbours - Statistics

General Stats
  • This quiz has been taken 76 times
  • The average score is 9 of 12
Answer Stats
% diff # Country % Correct
- 5.3% 14 Russia
93%
+ 3.6% 10 Brazil
89%
- 43.0% 1 Dominican Republic
87%
- 4.6% 1 Canada
83%
- 71.2% 1 United Kingdom
80%
+ 25.4% 2 United States
76%
- 57.6% 3 Indonesia
74%
- 34.6% 7 Saudi Arabia
70%
+ 20.0% 1 South Korea
70%
+ 60.9% 2 Sweden
61%
+ 75.4% 1 Haiti
56%
+ 25.5% 2 Nicaragua
50%
No matching quizzes found
Score Distribution
Percent of People with Each Score
Percentile by Number Answered
Your Score History
You have not taken this quiz